Rulers of France, England, Spain, Rome and Popes - Statistics

General Stats
  • This quiz has been taken 6,006 times
  • The average score is 249 of 488
Answer Stats
Seq # Country From To # Ruler % Correct
7 England 1199 1216 John
96%
43 France 1316 1316 I John
96%
47 France 1350 1364 II John
96%
53 Pope 523 526 John
96%
56 Pope 533 535 II John
96%
61 Pope 561 574 III John
96%
72 Pope 640 642 IV John
96%
82 Pope 685 686 V John
96%
85 Pope 701 705 VI John
96%
86 Pope 705 707 VII John
96%
107 Pope 872 882 VIII John
96%
116 Pope 898 900 IX John
96%
122 Pope 914 928 X John
96%
125 Pope 931 935 XI John
96%
130 Pope 955 963 XII John
96%
133 Pope 965 972 XIII John
96%
136 Pope 983 984 XIV John
96%
137 Pope 985 996 XV John
96%
140 Pope 1003 1003 XVII John
96%
141 Pope 1003 1009 XVIII John
96%
144 Pope 1024 1032 XIX John
96%
187 Pope 1276 1277 XXI John
96%
196 Pope 1316 1334 XXII John
96%
261 Pope 1958 1963 XXIII John
96%
27 England 1625 1649 Charles
94%
28 England 1660 1685 II Charles
94%
17 France 768 814 I Charles
94%
19 France 840 877 II Charles
94%
23 France 885 888 III Charles
94%
25 France 893 922 III Charles
94%
45 France 1322 1328 IV Charles
94%
48 France 1364 1380 V Charles
94%
49 France 1380 1422 VI Charles
94%
50 France 1422 1461 VII Charles
94%
52 France 1483 1498 VIII Charles
94%
57 France 1560 1574 IX Charles
94%
69 France 1824 1830 X Charles
94%
5 Spain 1516 1556 I Charles
94%
9 Spain 1665 1700 II Charles
94%
14 Spain 1759 1788 III Charles
94%
15 Spain 1788 1808 IV Charles
94%
25 England 1558 1603 Elizabeth
94%
43 England 1952 present II Elizabeth
94%
3 England 1100 1135 Henry
94%
5 England 1154 1189 II Henry
94%
8 England 1216 1272 III Henry
94%
13 England 1399 1413 IV Henry
94%
14 England 1413 1422 V Henry
94%
15 England 1422 1461 VI Henry
94%
17 England 1470 1471 VI Henry
94%
21 England 1485 1509 VII Henry
94%
22 England 1509 1547 VIII Henry
94%
33 France 1031 1060 I Henry
94%
55 France 1547 1559 II Henry
94%
58 France 1574 1589 III Henry
94%
59 France 1589 1610 IV Henry
94%
18 France 814 840 I Louis
94%
20 France 877 879 II Louis
94%
21 France 879 882 III Louis
94%
28 France 936 954 IV Louis
94%
30 France 986 987 V Louis
94%
35 France 1108 1137 VI Louis
94%
36 France 1137 1180 VII Louis
94%
38 France 1223 1226 VIII Louis
94%
39 France 1226 1270 IX Louis
94%
42 France 1314 1316 X Louis
94%
51 France 1461 1483 XI Louis
94%
53 France 1498 1515 XII Louis
94%
60 France 1610 1643 XIII Louis
94%
61 France 1643 1715 XIV Louis
94%
62 France 1715 1774 XV Louis
94%
63 France 1774 1792 XVI Louis
94%
65 France 1814 1815 XVIII Louis
94%
68 France 1815 1824 XVIII Louis
94%
12 Spain 1724 1724 I Louis
94%
54 France 1515 1547 I Francis
91%
56 France 1559 1560 II Francis
91%
266 Pope 2013 present Francis
91%
33 England 1714 1727 George
90%
34 England 1727 1760 II George
90%
35 England 1760 1820 III George
90%
36 England 1820 1830 IV George
90%
40 England 1910 1936 V George
90%
42 England 1936 1952 VI George
90%
1 England 1066 1087 William
90%
2 England 1087 1100 II William
90%
30 England 1689 1702 III William
90%
37 England 1830 1837 IV William
90%
9 England 1272 1307 Edward
87%
10 England 1307 1327 II Edward
87%
11 England 1327 1377 III Edward
87%
16 England 1461 1470 IV Edward
87%
18 England 1471 1483 IV Edward
87%
19 England 1483 1483 V Edward
87%
23 England 1547 1553 VI Edward
87%
39 England 1901 1910 VII Edward
87%
41 England 1936 1936 VIII Edward
87%
14 Pope 189 199 Victor
87%
153 Pope 1055 1057 II Victor
87%
158 Pope 1086 1087 III Victor
87%
24 England 1553 1558 Mary
84%
31 England 1689 1694 II Mary
84%
38 England 1837 1901 Victoria
83%
93 Pope 757 767 Paul
82%
211 Pope 1464 1471 II Paul
82%
220 Pope 1534 1549 III Paul
82%
223 Pope 1555 1559 IV Paul
82%
233 Pope 1605 1621 V Paul
82%
262 Pope 1963 1978 VI Paul
82%
26 England 1603 1625 James
80%
29 England 1685 1688 II James
80%
1 Pope 33 64 Peter
80%
6 England 1189 1199 Richard
80%
12 England 1377 1399 II Richard
80%
20 England 1483 1485 III Richard
80%
263 Pope 1978 1978 John Paul
79%
264 Pope 1978 2005 II John Paul
79%
1 Rome 27 BC 14 Augustus
77%
62 Pope 575 579 Benedict
77%
81 Pope 684 685 II Benedict
77%
104 Pope 855 858 III Benedict
77%
117 Pope 900 903 IV Benedict
77%
131 Pope 964 964 V Benedict
77%
134 Pope 973 974 VI Benedict
77%
135 Pope 974 983 VII Benedict
77%
143 Pope 1012 1024 VIII Benedict
77%
145 Pope 1032 1044 IX Benedict
77%
147 Pope 1045 1045 IX Benedict
77%
150 Pope 1047 1048 IX Benedict
77%
194 Pope 1303 1304 XI Benedict
77%
197 Pope 1334 1342 XII Benedict
77%
245 Pope 1724 1730 XIII Benedict
77%
247 Pope 1740 1758 XIV Benedict
77%
258 Pope 1914 1922 XV Benedict
77%
265 Pope 2005 2013 XVI Benedict
77%
34 France 1060 1108 I Philip
76%
37 France 1180 1223 II Philip
76%
40 France 1270 1285 III Philip
76%
41 France 1285 1314 IV Philip
76%
44 France 1316 1322 V Philip
76%
46 France 1328 1350 VI Philip
76%
4 Spain 1506 1506 I Philip
76%
6 Spain 1556 1598 II Philip
76%
7 Spain 1598 1621 III Philip
76%
8 Spain 1621 1665 IV Philip
76%
10 Spain 1700 1724 V Philip
76%
11 Spain 1724 1746 V Philip
76%
24 Spain 2014 present VI Philip
76%
10 Pope 140 155 Pius
73%
210 Pope 1458 1464 II Pius
73%
215 Pope 1503 1503 III Pius
73%
224 Pope 1559 1565 IV Pius
73%
225 Pope 1566 1572 V Pius
73%
250 Pope 1775 1799 VI Pius
73%
251 Pope 1800 1823 VII Pius
73%
253 Pope 1829 1830 VIII Pius
73%
255 Pope 1846 1878 IX Pius
73%
257 Pope 1903 1914 X Pius
73%
259 Pope 1922 1939 XI Pius
73%
260 Pope 1939 1958 XII Pius
73%
32 England 1702 1714 Anne
71%
45 Pope 440 461 Leo
71%
80 Pope 682 683 II Leo
71%
96 Pope 795 816 III Leo
71%
103 Pope 847 855 IV Leo
71%
118 Pope 903 903 V Leo
71%
123 Pope 928 928 VI Leo
71%
126 Pope 936 939 VII Leo
71%
132 Pope 964 965 VIII Leo
71%
152 Pope 1049 1054 IX Leo
71%
217 Pope 1513 1521 X Leo
71%
232 Pope 1605 1605 XI Leo
71%
252 Pope 1823 1829 XII Leo
71%
256 Pope 1878 1903 XIII Leo
71%
64 France 1804 1814 I Napoleon
71%
66 France 1815 1815 I Napoleon
71%
67 France 1815 1815 II Napoleon
71%
71 France 1852 1870 III Napoleon
71%
5 Rome 54 68 Nero
70%
4 England 1135 1154 Stephen
70%
23 Pope 254 257 Stephen
70%
92 Pope 752 757 II Stephen
70%
94 Pope 767 772 III Stephen
70%
97 Pope 816 817 IV Stephen
70%
110 Pope 885 891 V Stephen
70%
113 Pope 896 897 VI Stephen
70%
124 Pope 929 931 VII Stephen
70%
127 Pope 939 942 VIII Stephen
70%
154 Pope 1057 1058 IX Stephen
70%
40 Pope 401 417 Innocent
66%
164 Pope 1130 1143 II Innocent
66%
176 Pope 1198 1216 III Innocent
66%
180 Pope 1243 1254 IV Innocent
66%
185 Pope 1276 1276 V Innocent
66%
199 Pope 1352 1362 VI Innocent
66%
204 Pope 1404 1406 VII Innocent
66%
213 Pope 1484 1492 VIII Innocent
66%
230 Pope 1591 1591 IX Innocent
66%
236 Pope 1644 1655 X Innocent
66%
240 Pope 1676 1689 XI Innocent
66%
242 Pope 1691 1700 XII Innocent
66%
244 Pope 1721 1724 XIII Innocent
66%
17 Pope 222 230 Urban
64%
159 Pope 1088 1099 II Urban
64%
172 Pope 1185 1187 III Urban
64%
182 Pope 1261 1264 IV Urban
64%
200 Pope 1362 1370 V Urban
64%
202 Pope 1378 1389 VI Urban
64%
228 Pope 1590 1590 VII Urban
64%
235 Pope 1623 1644 VIII Urban
64%
35 Pope 337 352 Julius
61%
216 Pope 1503 1513 II Julius
61%
221 Pope 1550 1555 III Julius
61%
3 Rome 37 41 Caligula
59%
88 Pope 708 715 Constantine
59%
54 Rome 306 337 I Constantine
59%
58 Rome 337 340 II Constantine
59%
6 Pope 105 115 Alexander
58%
156 Pope 1061 1073 II Alexander
58%
170 Pope 1159 1181 III Alexander
58%
181 Pope 1254 1261 IV Alexander
58%
214 Pope 1492 1503 VI Alexander
58%
237 Pope 1655 1667 VII Alexander
58%
241 Pope 1689 1691 VIII Alexander
58%
2 Spain 1475 1516 V Ferdinand
56%
13 Spain 1746 1759 VI Ferdinand
56%
17 Spain 1808 1808 VII Ferdinand
56%
18 Spain 1813 1833 VII Ferdinand
56%
64 Pope 590 604 Gregory
56%
89 Pope 715 731 II Gregory
56%
90 Pope 731 741 III Gregory
56%
101 Pope 827 844 IV Gregory
56%
138 Pope 996 999 V Gregory
56%
148 Pope 1045 1046 VI Gregory
56%
157 Pope 1073 1085 VII Gregory
56%
173 Pope 1187 1187 VIII Gregory
56%
178 Pope 1227 1241 IX Gregory
56%
184 Pope 1271 1276 X Gregory
56%
201 Pope 1370 1378 XI Gregory
56%
205 Pope 1406 1415 XII Gregory
56%
226 Pope 1572 1585 XIII Gregory
56%
229 Pope 1590 1591 XIV Gregory
56%
234 Pope 1621 1623 XV Gregory
56%
254 Pope 1831 1846 XVI Gregory
56%
4 Pope 88 99 Clement
53%
149 Pope 1046 1047 II Clement
53%
174 Pope 1187 1191 III Clement
53%
183 Pope 1265 1268 IV Clement
53%
195 Pope 1305 1314 V Clement
53%
198 Pope 1342 1352 VI Clement
53%
219 Pope 1523 1534 VII Clement
53%
231 Pope 1592 1605 VIII Clement
53%
238 Pope 1667 1669 IX Clement
53%
239 Pope 1670 1676 X Clement
53%
243 Pope 1700 1721 XI Clement
53%
246 Pope 1730 1740 XII Clement
53%
248 Pope 1758 1769 XIII Clement
53%
249 Pope 1769 1774 XIV Clement
53%
14 Rome 117 138 Hadrian
52%
1 Spain 1474 1504 I Isabella
52%
19 Spain 1833 1868 II Isabella
52%
2 Rome 14 37 Tiberius
50%
4 Rome 41 54 Claudius
48%
16 Rome 161 180 Marcus Aurelius
48%
23 Spain 1975 2014 I Juan Carlos
47%
13 Rome 98 117 Trajan
44%
1 France 481 511 I Clovis
43%
5 France 639 657 II Clovis
43%
9 France 691 695 IV Clovis
43%
34 Pope 336 336 Mark
42%
26 France 922 923 I Robert
41%
32 France 996 1031 II Robert
41%
7 Pope 115 125 Sixtus
39%
24 Pope 257 258 II Sixtus
39%
44 Pope 432 440 III Sixtus
39%
212 Pope 1471 1484 IV Sixtus
39%
227 Pope 1585 1590 V Sixtus
39%
70 France 1830 1848 Louis-Philippe
38%
42 Pope 418 422 Boniface
37%
55 Pope 530 532 II Boniface
37%
66 Pope 607 607 III Boniface
37%
67 Pope 608 615 IV Boniface
37%
69 Pope 619 625 V Boniface
37%
112 Pope 896 896 VI Boniface
37%
193 Pope 1294 1303 VIII Boniface
37%
203 Pope 1389 1404 IX Boniface
37%
21 Spain 1874 1885 XII Alfonso
35%
22 Spain 1886 1931 XIII Alfonso
35%
18 Rome 177 192 Commodus
35%
95 Pope 772 795 Adrian
34%
106 Pope 867 872 II Adrian
34%
109 Pope 884 885 III Adrian
34%
169 Pope 1154 1159 IV Adrian
34%
186 Pope 1276 1276 V Adrian
34%
218 Pope 1522 1523 VI Adrian
34%
16 Spain 1808 1813 I Joseph
33%
105 Pope 858 867 Nicholas
33%
155 Pope 1058 1061 II Nicholas
33%
188 Pope 1277 1280 III Nicholas
33%
191 Pope 1288 1292 IV Nicholas
33%
208 Pope 1447 1455 V Nicholas
33%
10 Rome 79 81 Titus
33%
9 Rome 69 79 Vespasian
32%
22 Pope 253 254 Lucius
31%
166 Pope 1144 1145 II Lucius
31%
171 Pope 1181 1185 III Lucius
31%
74 Pope 649 655 Martin
31%
189 Pope 1281 1285 IV Martin
31%
206 Pope 1417 1431 V Martin
31%
15 France 752 768 Pepin
31%
49 Rome 284 305 Diocletian
30%
2 Pope 64 76 Linus
30%
53 Rome 306 307 II Severus
30%
70 Pope 625 638 Honorius
29%
163 Pope 1124 1130 II Honorius
29%
177 Pope 1216 1227 III Honorius
29%
190 Pope 1285 1287 IV Honorius
29%
70 Rome 393 423 Honorius
29%
62 Rome 360 363 II Julian
29%
12 Rome 96 98 Nerva
28%
6 Rome 68 69 Galba
27%
11 Rome 81 96 Domitian
26%
7 Rome 69 69 Otho
26%
16 France 768 771 I Carloman
25%
22 France 882 884 II Carloman
25%
43 Pope 422 432 Celestine
25%
165 Pope 1143 1144 II Celestine
25%
175 Pope 1191 1198 III Celestine
25%
179 Pope 1241 1241 IV Celestine
25%
192 Pope 1294 1294 V Celestine
25%
33 Pope 314 335 Sylvester
25%
139 Pope 999 1003 II Sylvester
25%
146 Pope 1045 1045 III Sylvester
25%
16 Pope 217 222 Callixtus
24%
162 Pope 1119 1124 II Callixtus
24%
209 Pope 1455 1458 III Callixtus
24%
22 Rome 198 217 Caracalla
24%
29 France 954 986 Lothair
24%
30 Pope 308 309 Marcellus
24%
222 Pope 1555 1555 II Marcellus
24%
24 France 888 898 Odo
23%
73 Pope 642 649 Theodore
23%
115 Pope 897 897 II Theodore
23%
4 France 629 639 I Dagobert
22%
11 France 711 715 III Dagobert
22%
26 Pope 269 274 Felix
22%
48 Pope 483 492 III Felix
22%
54 Pope 526 530 IV Felix
22%
3 Spain 1504 1555 I Joanna
22%
84 Rome 475 476 Romulus Augustulus
22%
42 Rome 270 275 Aurelian
21%
68 Rome 379 395 I Theodosius
21%
71 Rome 402 450 II Theodosius
21%
64 Rome 364 375 I Valentinian
21%
67 Rome 375 392 II Valentinian
21%
74 Rome 424 455 III Valentinian
21%
8 Rome 69 69 Vitellius
21%
15 Rome 138 161 Antoninus Pius
20%
7 France 673 675 II Childeric
20%
14 France 743 751 III Childeric
20%
60 Rome 337 350 I Constans
20%
59 Rome 337 361 II Constantius
20%
72 Rome 421 421 III Constantius
20%
75 Pope 654 657 Eugene
20%
99 Pope 824 827 II Eugene
20%
167 Pope 1145 1153 III Eugene
20%
207 Pope 1431 1447 IV Eugene
20%
31 France 987 996 Hugh Capet
20%
100 Pope 827 827 Valentine
20%
20 Spain 1870 1873 I Amadeo
19%
28 Rome 238 238 I Gordian
19%
29 Rome 238 238 II Gordian
19%
32 Rome 238 244 III Gordian
19%
91 Pope 741 752 Zachary
19%
3 Pope 76 88 Anacletus
18%
39 Pope 399 401 Anastasius
18%
50 Pope 496 498 II Anastasius
18%
120 Pope 911 913 III Anastasius
18%
168 Pope 1153 1154 IV Anastasius
18%
27 France 923 936 Rudolph
18%
65 Rome 364 378 Valens
18%
23 Rome 209 211 Geta
17%
46 Pope 461 468 Hilarius
17%
21 Rome 193 211 Septimius Severus
17%
12 France 715 721 II Chilperic
16%
37 Pope 366 384 Damasus
16%
151 Pope 1048 1048 II Damasus
16%
25 Rome 218 222 Elagabalus
16%
20 Pope 236 250 Fabian
16%
17 Rome 161 169 Lucius Verus
16%
27 Rome 235 238 I Maximinus
16%
56 Rome 311 313 II Maximinus
16%
84 Pope 687 701 Sergius
16%
102 Pope 844 847 II Sergius
16%
119 Pope 904 911 III Sergius
16%
142 Pope 1009 1012 IV Sergius
16%
38 Rome 253 260 Valerian
16%
10 France 695 711 III Childebert
15%
21 Pope 251 253 Cornelius
15%
111 Pope 891 896 Formosus
15%
121 Pope 913 914 Lando
15%
29 Pope 296 304 Marcellinus
15%
108 Pope 882 884 Marinus
15%
128 Pope 942 946 II Marinus
15%
50 Rome 286 305 Maximian
15%
19 Rome 193 193 Pertinax
15%
114 Pope 897 897 Romanus
15%
2 France 558 561 I Chlothar
14%
3 France 613 629 II Chlothar
14%
6 France 657 673 III Chlothar
14%
5 Pope 97 105 Evaristus
14%
49 Pope 492 496 Gelasius
14%
161 Pope 1118 1119 II Gelasius
14%
9 Pope 136 140 Hyginus
14%
83 Rome 474 475 Julius Nepos
14%
98 Pope 817 824 Paschal
14%
160 Pope 1099 1118 II Paschal
14%
60 Pope 556 561 Pelagius
14%
63 Pope 579 590 II Pelagius
14%
57 Pope 535 536 Agapetus
13%
129 Pope 946 955 II Agapetus
13%
28 Pope 283 296 Caius
13%
83 Pope 686 687 Conon
13%
78 Pope 676 678 Donus
13%
55 Rome 306 312 Maxentius
13%
12 Pope 166 174 Soter
13%
8 Pope 125 136 Telesphorus
13%
8 France 675 691 III Theuderic
13%
13 France 721 737 IV Theuderic
13%
41 Pope 417 418 Zosimus
13%
79 Pope 678 681 Agatho
12%
11 Pope 155 166 Anicetus
12%
69 Rome 383 408 Arcadius
12%
25 Pope 259 268 Dionysius
12%
31 Pope 309 310 Eusebius
12%
63 Rome 363 364 Jovian
12%
36 Pope 352 366 Liberius
12%
24 Rome 217 218 Macrinus
12%
33 Rome 244 249 Philip the Arab
12%
18 Pope 230 235 Pontian
12%
26 Rome 222 235 Severus Alexander
12%
58 Pope 536 537 Silverius
12%
43 Rome 275 276 Tacitus
12%
76 Pope 657 672 Vitalian
12%
68 Pope 615 618 Adeodatus
11%
77 Pope 672 676 II Adeodatus
11%
19 Pope 235 236 Anterus
11%
31 Rome 238 238 Balbinus
11%
52 Rome 305 311 Galerius
11%
66 Rome 367 383 Gratian
11%
52 Pope 514 523 Hormisdas
11%
78 Rome 457 461 Majorian
11%
30 Rome 238 238 Pupienus
11%
65 Pope 604 606 Sabinian
11%
71 Pope 638 640 Severinus
11%
51 Pope 498 514 Symmachus
11%
15 Pope 199 217 Zephyrinus
11%
46 Rome 282 283 Carus
10%
40 Rome 268 270 Claudius Gothicus
10%
20 Rome 193 193 Didius Julianus
10%
27 Pope 275 283 Eutychian
10%
44 Rome 276 276 Florian
10%
39 Rome 253 268 Gallienus
10%
82 Rome 473 474 Glycerius
10%
57 Rome 308 324 I Licinius
10%
75 Rome 450 457 Marcian
10%
32 Pope 311 314 Miltiades
10%
47 Rome 283 284 Numerian
10%
81 Rome 472 472 Olybrius
10%
45 Rome 276 282 Probus
10%
47 Pope 468 483 Simplicius
10%
38 Pope 384 399 Siricius
10%
87 Pope 708 708 Sisinnius
10%
59 Pope 537 555 Vigilius
10%
37 Rome 253 253 Aemilian
9%
48 Rome 283 285 Carinus
9%
13 Pope 174 189 Eleuterus
9%
35 Rome 251 251 Hostilian
9%
73 Rome 423 425 Joannes
9%
80 Rome 467 472 Anthemius
8%
77 Rome 455 456 Avitus
8%
51 Rome 305 306 I Constantius Chlorus
8%
41 Rome 270 270 Quintillus
8%
36 Rome 251 253 Trebonianus Gallus
7%
79 Rome 461 465 Libius Severus
6%
76 Rome 455 455 Petronius Maximus
6%
34 Rome 249 251 Trajan Decius
6%
61 Rome 350 350 Vetranio
6%
No matching quizzes found
Score Distribution
Percent of People with Each Score
Percentile by Number Answered
Your Score History
You have not taken this quiz